| Tag |
First Indicator |
Second Indicator |
Subfields |
| LEADER |
00000cam a22000008a 4500 |
| 001 |
in00000017154 |
| 005 |
20151007053408.0 |
| 008 |
870707s1988 dcua bc 00110 eng |
| 010 |
|
|
|a 87020469
|
| 020 |
|
|
|a 0874743192 (alk. paper)
|
| 035 |
|
|
|a (OCoLC)16277869
|
| 035 |
|
|
|9 AAB1510AM
|
| 040 |
|
|
|a DLC
|c DLC
|d TXA
|d UtOrBLW
|
| 043 |
|
|
|a n-us---
|
| 049 |
|
|
|a TXAM
|c [A11072287]
|
| 050 |
0 |
0 |
|a ND237.E394
|b A4 1988
|
| 082 |
0 |
|
|a 759.13
|2 19
|
| 100 |
1 |
|
|a Clark, Henry Nichols Blake.
|
| 245 |
1 |
0 |
|a Francis W. Edmonds, American master in the Dutch tradition /
|c H. Nichols B. Clark.
|
| 263 |
|
|
|a 8801
|
| 264 |
|
1 |
|a Washington, D.C. :
|b Published for Amon Carter Museum by Smithsonian Institution Press,
|c [1988]
|
| 264 |
|
4 |
|c ©1988
|
| 300 |
|
|
|a xiii, 178 pages :
|b illustrations (some color)
|
| 336 |
|
|
|a text
|b txt
|2 rdacontent
|
| 337 |
|
|
|a unmediated
|b n
|2 rdamedia
|
| 338 |
|
|
|a volume
|b nc
|2 rdacarrier
|
| 504 |
|
|
|a Bibliography: pages 163-171.
|
| 500 |
|
|
|a Includes index.
|
| 600 |
1 |
0 |
|a Edmonds, Francis William,
|d 1806-1863
|v Exhibitions.
|
| 650 |
|
0 |
|a Genre painting, American
|y 19th century
|v Exhibitions.
|
| 600 |
1 |
0 |
|a Edmonds, Francis William,
|d 1806-1863
|x Criticism and interpretation.
|
| 710 |
2 |
|
|a Amon Carter Museum of Western Art.
|
| 999 |
|
|
|a MARS
|
| 999 |
f |
f |
|s 0e973855-35ee-3cf0-abab-9039684d8d7a
|i 1d704c83-eb66-32bb-ac88-bcd4657188d0
|t 0
|
| 952 |
f |
f |
|p normal
|a Texas A&M University
|b College Station
|c Sterling C. Evans Library
|d Evans: Library Stacks
|t 0
|e ND237.E394 A4 1988
|h Library of Congress classification
|i unmediated -- volume
|m A14811072287
|
| 998 |
f |
f |
|a ND237.E394 A4 1988
|t 0
|l Evans: Library Stacks
|